| 000 | 00726nam a22001337a 4500 | ||
|---|---|---|---|
| 040 | _cRUA | ||
| 082 | _aAGR HEA 2017 B663 Or.1 | ||
| 100 | _aHEAN SAY ហ៊ាង សៃ | ||
| 245 | _aការសិក្សារពីបង្គុំការពារសត្វល្អិតចង្រៃលើដំណាំខាត់ណាដើម ក្រោមលក្ខណ្ឌរបងដើមពោត study on the insect pest prevention packages on chinese kale ( Brassica oleracea var. alboglabra) on chinese barrier condition | ||
| 260 |
_aRUA _bphnom penh _c2017 |
||
| 300 |
_aviii;53p _bill; _c29cm; |
||
| 856 | _uhttps://drive.google.com/file/d/1tdV8z-PIV8urgqeHTojd9smZ286DChh5/view?usp=sharing | ||
| 942 | _cAGR | ||
| 999 |
_c19186 _d19186 |
||